|
|
|
|
| LEADER |
00000nam0a2200000 4500 |
| 001 |
147399 |
| 005 |
20231031145029.0 |
| 035 |
|
|
|a (RuTPU)RU\TPU\book\159764
|
| 090 |
|
|
|a 147399
|
| 100 |
|
|
|a 20081113d1931 k y0gery50 ba
|
| 101 |
0 |
|
|a ger
|
| 102 |
|
|
|a DE
|
| 105 |
|
|
|a a z 000zy
|
| 200 |
1 |
|
|a Fahrzeit, Motorleistung und Wattstundenverbrauch bei Straßen-und Stadtschnellbahnen
|a Allgemeingültige Schaulinien für die Projektierung
|e mit 17 Textabbildungen
|f H. Voigtländer
|
| 210 |
|
|
|a Berlin
|c Verlag von Julius springer
|d 1931
|
| 215 |
|
|
|a 64 s.
|c граф.
|
| 317 |
|
|
|5 63413507: 270443
|a Культурные ценности, перемещенные в СССР в результате Второй мировой войны
|
| 610 |
1 |
|
|a электрическая энергия
|
| 610 |
1 |
|
|a электрический транспорт
|
| 610 |
1 |
|
|a городской транспорт
|
| 610 |
1 |
|
|a движение
|
| 610 |
1 |
|
|a мощность
|
| 610 |
1 |
|
|a трамваи
|
| 610 |
1 |
|
|a железнодорожный транспорт
|
| 610 |
1 |
|
|a двигатели
|
| 610 |
1 |
|
|a немецкий язык
|
| 675 |
|
|
|a 621.331
|v 3
|
| 700 |
|
1 |
|a Voigtländer
|b H.
|g Hans
|
| 801 |
|
1 |
|a RU
|b 63413507
|c 20081113
|g PSBO
|
| 801 |
|
2 |
|a RU
|b 63413507
|c 20090211
|g PSBO
|
| 942 |
|
|
|c BK
|